000 00797nam a22002177a 4500
999 _c20851
_d20851
003 AR-CdUCM
008 190402b ||||| |||| 00| 0 spa d
040 _aMUNICIPALIDAD PROVINCIAL DEL CUSCO
_cBIBLIOTECA MUNICIPAL DEL CUSCO
082 _aEP / 036.083 /
_bH67
100 _aHogben, Lancelot
_943539
245 _a25.000 años de matemáticas :
_bHistoria ilustrada de los numeros, el calculo y las medidas /
260 _aEspaña :
_bDaimon,
_c1957.
300 _bIlustraciones,
_c32 cm.
505 _aContenido : Los comienzos -- Antiguo Egipto -- Babilonia y Asiria -- Viajes de los fenicios...
650 _aEducación primaria
_91561
650 _aCuento
_94671
700 _aCharles Keeping, Andre
_943540
700 _aSymonds, Kenneth
_943541
942 _2ddc
_cLIBROS
945 _arcc